Learnability and cognition: the acquisition of argument structure
Shranjeno v:
| Glavni avtor: | |
|---|---|
| Format: | Knjiga |
| Jezik: | angleščina |
| Izdano: |
Cambridge
The Mit Press
1989
|
| Izdaja: | 1a. ed |
| Serija: | Learning, development and conceptual change
|
| Teme: | |
| Oznake: |
Označite
Brez oznak, prvi označite!
|
MARC
| LEADER | 00000cam a2200000 a 4500 | ||
|---|---|---|---|
| 001 | UCY1200 | ||
| 003 | CL-VaPUC | ||
| 008 | 940824e19890000US |||||||||||||||||eng|d | ||
| 020 | |a 9780262660730 | ||
| 082 | 0 | 4 | |a 401 |b PIN |2 21 |
| 100 | 0 | |a Pinker, Steven |e author |9 329119 | |
| 245 | 1 | 0 | |a Learnability and cognition: the acquisition of argument structure |
| 250 | |a 1a. ed | ||
| 300 | |a 411 p | ||
| 942 | |c BK | ||
| 945 | |d 19940824 00:00:00 |a rbrito | ||
| 260 | |a Cambridge |b The Mit Press |c 1989 | ||
| 650 | 0 | |a Gramática comparada y general |9 313380 | |
| 650 | 0 | |a Semántica |9 265318 | |
| 650 | 0 | |a Lenguaje y lenguas |9 265846 | |
| 583 | |a last modification |c 20160923 12:58:24 |k Rodrigo Vera | ||
| 490 | 0 | |a Learning, development and conceptual change | |
| 999 | |c 229976 |d 229974 | ||
| 952 | |0 0 |1 0 |4 0 |6 401_000000000000000_PIN_1989 |7 0 |8 A |9 231743 |a FDOPOS |b FDOPOS |d 2019-11-15 |i 3013367 |o 401 PIN 1989 |p 3013367 |r 2025-01-22 |w 2019-11-15 |y BK |k MLA | ||
| 952 | |0 0 |1 0 |4 0 |6 401_000000000000000_PIN_1989 |7 0 |8 A |9 231744 |a FDOPOS |b FDOPOS |d 2019-11-15 |i 4921267 |o 401 PIN 1989 |p 4921267 |r 2025-01-22 |w 2019-11-15 |y BK |k DLA | ||